Mucha ; Jar' ; Prypovidka

Bibliographic Details
Main Author: Duchnovyč, Oleksandr, 1803-1865 (Author)
Format: Article
Language:Slavic languages
PhysicalDescription:Fotogr.
Subjects:

MARC

LEADER 00000nab a2200000 a 4500
001 vtls000854130
003 SK-MaSNL
005 20260303230849.0
008 240612c2003 xo 0 sla
015 |a SNBRB2003/11-33739 
035 |a CLN000205785 
040 |a SNKBUCL  |b slo  |c SNKBUCL  |e AACR2 
041 0 |a sla  |a rue 
044 |a xo  |c SK 
080 |a 821.161 (437.6)-1=161  |2 UDC-MRF-SK2 
100 1 |a Duchnovyč, Oleksandr,  |d 1803-1865  |4 aut  |9 192471 
245 1 0 |a Mucha ; Jar' ; Prypovidka  |c Aleksander Duchnovič 
300 |b Fotogr. 
650 0 7 |a lyrické básne, rusínske  |2 snkbucl  |9 13881 
650 0 7 |a naratívne básne, rusínske  |2 snkbucl  |9 25891 
650 0 7 |a humoristické básne, rusínske  |2 snkbucl  |9 23433 
773 0 |t Narodny novynky  |g Roč. 13, č. 21-23 (2003) 
773 0 |t [Príl.] pozdravlinja rusyniv na 2003 rik  |g Č. 2, s. 4 
850 |a Slovenská národná knižnica v Martine 
852 |a SNK  |b KIS3GCP 
958 |a SK 
958 |a RN 
958 |a LX 
958 |a RBX 
999 |c 2264113  |d 2266043